Statistics for Top 5 cities by Population - North America #7

Click here to take the quiz!

General Stats

  • This quiz has been taken 11 times
  • The average score is 4 of 15

Answer Stats

HintAnswer% Correct
St. LuciaCastries
100%
BarbadosBridgetown
67%
St. Vincent and the GrenadinesKingstown
67%
BarbadosBathsheba
33%
St. Vincent and the GrenadinesGeorgetown
33%
BarbadosHoletown
33%
St. Vincent and the GrenadinesKingstown Park
33%
St. LuciaSoufriere
33%
St. Vincent and the GrenadinesBarrouallie
0%
St. LuciaBisee
0%
St. LuciaMicoud
0%
BarbadosOistins
0%
St. Vincent and the GrenadinesPort Elizabeth
0%
BarbadosSpeightstown
0%
St. LuciaVieux Fort
0%

Score Distribution

Percentile by Number Answered

Percent of People with Each Score

Your Score History

You have not taken this quiz